000 01010cam a2200217 4500
001 J112994
008 000000n2001 000 0 eng u
035 _a(Sirsi) u112994
110 _aRoyal Institution of Chartered Surveyors
_94900
245 _aBrand toolkit for RICS members (sample pack)
260 _aLondon
_bRICS
_c2001
300 _a7p. : ill. ; 30cm. + 1 sheet + 1 booklet (29p. ; 30cm.) + 2 letters.
520 _aSample pack sent to members to launch the new RICS Logo and branding, March 2001 Pack incudes "Brand toolkit for RICS members", "RICS 2001", "RICS membership benefits" sample letter to a membmer including sample membership card and a letter to RICS staff. Branding toolkit is available by contactingcustomer services email customerservices.org.uk 0870 333 1600
650 _aMARKETING
650 _aPUBLICITY LEAFLETS
650 _aPUBLICITY BROCHURES
650 _aRICS
650 _aLOGOS
690 _aMANAGEMENT-BUSINESS MANAGEMENT-PROFESSIONAL PRACTICE
942 _n0
999 _c101494
_d101494